000 00848nam a2200229 i 4500
001 24852
003 ES-MaACL
005 20250729063153.0
007 t|
008 021219s1873 sp ||||1| spa d
080 _a821.134.2-82"18"
100 1 _aAparisi y Guijarro, Antonio,
_d1815-1872
_922085
245 1 0 _aBiografía, pensamientos y poesías /
_cde Antonio Aparisi y Guijarro.
260 _aMadrid :
_b[s.n.],
_c1873 (
_fImp. R. Ramírez, A. Flores y Compañia)
300 _aVIII, 344 p. ;
_c22 cm.
490 1 _aObras de Antonio Aparisi y Guijarro ;
_v1
530 _aDisponible en formato digital.
830 0 _aObras de Antonio Aparisi y Guijarro ;
_v1
_9181988
852 _aES-MaACL
_jG-7972
856 _uhttp://bdh-rd.bne.es/viewer.vm?id=0000066859&page=1
_zBiblioteca Digital Hispánica
999 _c24852
_d24852